Hükümet programı (Record no. 9124)

MARC details
000 -BAŞLIK
Sabit Uzunlukta Kontrol Alanı 01034na a2200301 4500
001 - KONTROL NUMARASI
Denetim Alanı 21872
003 - KONTROL NUMARASI IDENTIFIER
Denetim Alanı MIRAKIL
005 - SON İŞLEM TARİHİ VE ZAMANI
Denetim Alanı 20181213155235.0
008 - SABİT-BOY VERİ ELEMANLARI - GENEL BİLGİLER
Sabit Uzunlukta Kontrol Alanı 170208b tu 000 0
035 ## - SİSTEM KONTROL NUMARASI
Sistem Kontrol Numarası 21872
040 ## - KATALOGLAMA KAYNAK
Orijinal Kataloglama Ajansı Milas
Kataloglama Dili tur
Metne Dönüştürmek Ajansı TR-AnCHP
041 ## - DİL KODU
Metin / Ses Parça Veya Ayrı Başlığın Dil Kodu tur
082 ## - DEWEY ONLU SINIFLANDIRMA NUMARASI
Sınıflandırma Numarası 353.04
Ürün Numarası H94 1999
090 ## - SINIFLAMA NUMARASI
Sınıflama Numarası 353.04 H94 1999
245 ## - BAŞLIK TABLOSU
Başlık Hükümet programı
Başlığın Kalan Başbakan Bülent Ecevit tarafından TBMM'ne sunulan 57. hükümet programı
-- 4 Haziran 1999
Sorumluluk Tablosu, Vb Bülent Ecevit
246 ## - UNVAN FORM VARYING
Başlık Doğru / Kısa Başlığı 57. hükümet programı
260 ## - YAYIN, DAĞITIM, VB
Yayın, Dağıtım, Vb Yeri Ankara
Yayıncı, Dağıtıcı, Vs Adı Başbakanlık Basımevi
Yayın, Dağıtım, Vb Tarihi 1999
300 ## - FİZİKSEL TANIM
Kapsam 40 s.
Boyutlar 22 sm.
610 ## - KONU KATMA GİRİŞ - TOPLANTI ADI
Giriş Elemanı Olarak Kurumsal Ad Veya Yargı Alanı Adı DSP-MHP-ANAP Koalisyonu
Genel Alt Bölüm Hükümet programı
610 ## - KONU KATMA GİRİŞ - TOPLANTI ADI
Giriş Elemanı Olarak Kurumsal Ad Veya Yargı Alanı Adı Demokratik Sol Parti (DSP)
Genel Alt Bölüm Hükümet programı
650 ## - KONU KATMA GİRİŞ - TOPİKAL DÖNEM
Topikal Süreli Veya Coğrafi Ad Giriş Elemanı Koalisyon hükümeti
Kronolojik Alt Bölümü Programlar
650 ## - KONU KATMA GİRİŞ - TOPİKAL DÖNEM
Topikal Süreli Veya Coğrafi Ad Giriş Elemanı Siyaset ve yönetim
Genel Alt Bölümü Hükümet programları, 1999
Coğrafi Alt Bölümü Türkiye
650 ## - KONU KATMA GİRİŞ - TOPİKAL DÖNEM
Topikal Süreli Veya Coğrafi Ad Giriş Elemanı Hükümet, 57.
Kronolojik Alt Bölümü Programlar, 1999
700 ## - KATMA GİRİŞ - KİŞİSEL İSİM
Kişisel Ad Ecevit, Bülent
Bir Adıyla İlişkilendirilen Tarihler 1925-2006
740 ## - KATMA GİRİŞ - KONTROLSUZ İLGİLİ / ANALİTİK BAŞLIK
Kontrol Edilmeyen / İlgili Analitik Başlıktaki 57. Hükümet programı
942 ## - EKLENDİ GİRİŞ ELEMANLARI (KOHA)
Sınıflandırma Veya Raf Düzeni Kaynak
Koha Öğesi Türü Books
999 ## - SİSTEM KONTROL NUMARALARI (KOHA)
Koha Biblionumber 9124
Koha Biblioitemnumber 9124
657 ## - INDEX SÜRE - İŞLEVİ
-- 57. hükümet programı
Holdings
Kalıcı Konum Mevcut Konum Edinme Tarihi Edinim Kaynak Toplam Check-Out'Lar Tam Çağrı Numarası Barkod Tarih Son Görülme İtibaren Geçerli Fiyatlar Koha Öğesi Türü
CHP Kütüphanesi CHP Kütüphanesi 02/08/2017 Bağış   353.04 H94 1999 012924 02/08/2017 02/08/2017 Books
CHP Kütüphanesi CHP Kütüphanesi 04/07/2022     353.04 H94 1999 020390 04/07/2022 04/07/2022 Books